00265nam a2200109Ia 4500008004100000020001500041100002800056245002100084250000800105260003500113300000700148211105s9999 xx 000 0 und d aVYASA06841 aAkhandananda Saraswathi 0aKalikalka Koutuk a1st bSatsahitya prakashan trustc\N a80